01339nam a2200301 i 4500001001000000003000900010005001700019007000300036008004100039020001500080040003000095041001300125082001400138245011600152246005800268264005100326300002800377336002700405337003300432338002800465590002600493700005400519942001400573952014500587952015100732952013700883999001701020000027392DO-SdBNP20250210102025.0ta110331s2012 dr 000 0 spa d a9945000446 aDO-SdBNPbspacBNPHUerda17aspaheng 4bL864d22200aDiccionario práctico : binglés técnico para computadoras /ccorrección, José Rafael López Familia.11aPractical dictionary: Technical english for computers aSanto Dmingo :beditor no identificado,c2012. a299 páginas ;c21 cm. 2rdacontentatextobtxt 2rdamediaasin mediaciónbn 2rdacarrieravolumenbnc aInventariado, 2024/BT1 aLópez Familia, José Rafaelecorrección9594 2ddccLBS1 00102ddc56708DSaBNPHUbBNPHUcCTd2011-03-31eDeposito legall0oBNPHU R-PD L864dp27392-10r2020-06-25w2020-06-25yLBS1ZNo se presta 00102ddc56708DSaBNPHUbBNPHUcCTd2012-10-04eDeposito legall0oBNPHU R-PD L864dp27392-20r2020-06-25te. 2w2020-06-25yLBS1ZNo se presta 00102ddc56708DS-RaBNPHUbBNPHUcMId2012-10-04l0oBNPHU R-DS L864dp27392-30r2020-06-25te. 3w2020-06-25yLBS1ZNo se presta c26884d26884